| 000 | 00361nam a2200145Ia 4500 | ||
|---|---|---|---|
| 005 | 20240807062429.0 | ||
| 008 | 240806s9999||||xx |||||||||||||| ||eng|| | ||
| 041 | _aeng | ||
| 100 | _aKeith Lehrer | ||
| 245 | 0 |
_aAnalysis and methaphysics / _cKeith Lehrer |
|
| 260 | _bD. Reidel Publishing Company Holland | ||
| 300 | _a0 | ||
| 650 | _aPhilosophy | ||
| 942 | _cBK | ||
| 999 |
_c18751 _d18751 |
||